La zona envenenada

Saved in:
Bibliografiske detaljer
Hovedforfatter: Doyle, Arthur Conan (Author)
Format: Bog
Sprog:spansk
Udgivet: Madrid Anaya 1997
Udgivelse:1a. ed
Serier:Tus Libros Maravillosos
Fag:
Tags: Tilføj Tag
Ingen Tags, Vær først til at tagge denne postø!

MARC

LEADER 00000nam a2200000 a 4500
001 UCH6679
003 CL-VaPUC
008 091109e19970000SP |||||||||||||||||spa|d
020 |a 8420783048 
082 0 4 |a 823  |b DOY  |2 21 
100 0 |a Doyle, Arthur Conan  |e author  |9 543324 
245 1 3 |a La zona envenenada 
250 |a 1a. ed 
300 |a 195 p 
942 |c BK 
945 |d 20091109 00:00:00  |a lazolas 
260 |a Madrid  |b Anaya  |c 1997 
650 0 |a Novelas inglesas  |9 265220 
650 0 |a Literatura inglesa  |9 312907 
650 7 |a NOVELAS POLICIACAS  |2 CL-VaPUC  |9 347450 
583 |a last modification  |c 20091109 00:00:00  |k Rodrigo Vera 
490 0 |a Tus Libros Maravillosos 
999 |c 337522  |d 337520